UBT Library

LECTURE NOTES IN PHYSICS (Record no. 60423)

000 -LEADER
fixed length control field 00314nam a22001457a 4500
008 - FIXED-LENGTH DATA ELEMENTS--GENERAL INFORMATION
fixed length control field 231004b ||||| |||| 00| 0 eng d
020 ## - INTERNATIONAL STANDARD BOOK NUMBER
International Standard Book Number 3540194843
041 ## - LANGUAGE CODE
Language code of text/sound track or separate title eng
080 ## - UNIVERSAL DECIMAL CLASSIFICATION NUMBER
Universal Decimal Classification number 101
082 ## - DEWEY DECIMAL CLASSIFICATION NUMBER
Classification number 101BLI
100 ## - Rafti
Rafti 44
101 ## - Shkurtesa
Shkurtesa ASTRO
245 ## - TITLE STATEMENT
Title LECTURE NOTES IN PHYSICS
Statement of responsibility, etc BLITZ.L
942 ## - ADDED ENTRY ELEMENTS (KOHA)
Source of classification or shelving scheme
Item type Books
Holdings
Withdrawn status Lost status Source of classification or shelving scheme Damaged status Not for loan Collection code Permanent location Current location Date acquired Total Checkouts Full call number Barcode Date last seen Price effective from Koha item type
          Koleksioni i përgjithshem UBT - Lipjan UBT - Lipjan 10/04/2023   101BLI 002-800070393 10/04/2023 10/04/2023 Books
UBT Library © 2015-2024. All rights reserved University Education for Business and Technology